Nature and social theory /

Adrian Franklin considers the relationship between humans and nature, arguing that the firm boundaries between nature and culture have been breached. The author's critique cites man as a polluter and destroyer.

Bibliographic Details
Main Author: Franklin, Adrian
Corporate Author: Sage Publications
Format: eBook
Language:English
Published: London : SAGE, c2002.
Subjects:
Online Access:Connect to the full text of this electronic book

MARC

Tag First Indicator Second Indicator Subfields
LEADER 00000nam a2200000 a 4500
001 in00004756830
006 m|||||o||d||||||||
007 cr |||||||||||
008 120327s2002 enka fo| 001|0|eng d
005 20231120174014.3
020 |a 9781446219195 (ebook) :  |c No price 
035 |a (OCoLC)1007859645 
035 |a (StDuBDS)EDZ0000064190 
040 |a StDuBDS  |b eng  |c StDuBDS  |e pn 
050 0 |a GF50  |b .F73 2002 
082 0 4 |a 304.2  |2 23 
100 1 |a Franklin, Adrian. 
245 1 0 |a Nature and social theory /  |c Adrian Franklin. 
260 |a London :  |b SAGE,  |c c2002. 
300 |a 1 online resource (274 pages) :  |b illustrations, facsimiles. 
336 |a text  |b txt  |2 rdacontent 
337 |a computer  |b c  |2 rdamedia 
338 |a online resource  |b cr  |2 rdacarrier 
504 |a Includes bibliographical references and index. 
520 8 |a Adrian Franklin considers the relationship between humans and nature, arguing that the firm boundaries between nature and culture have been breached. The author's critique cites man as a polluter and destroyer. 
521 |a Specialized. 
588 |a Description based on print version record. 
650 0 |a Human ecology. 
650 0 |a Nature  |x Effect of human beings on. 
650 0 |a Philosophy of nature. 
655 7 |a Electronic books.  |2 local 
710 2 |a Sage Publications. 
776 0 8 |i Print version :  |z 9780761963783 
856 4 0 |u http://proxy.library.tamu.edu/login?url=https://sk.sagepub.com/books/nature-and-social-theory  |z Connect to the full text of this electronic book  |t 0 
955 |a SAGE Knowledge 
999 f f |s c486eb99-8b24-4980-b810-8a9fea526a47  |i fcfa3506-0086-4da9-87aa-63d3a0e9d862  |t 0 
952 f f |a Texas A&M University  |b College Station  |c Electronic Resources  |d Available Online  |t 0  |e GF50 .F73 2002  |h Library of Congress classification 
998 f f |a GF50 .F73 2002  |t 0  |l Available Online